| 000 | 00445nam a2200181Ia 4500 | ||
|---|---|---|---|
| 003 | GCL | ||
| 008 | 140319s9999 xx 000 0 eng d | ||
| 040 |
_aGCL / _cGCL |
||
| 082 | 0 | 4 |
_a932.12 _bA P |
| 245 | 1 | 0 | _aTHE PYRAMID OF CHEOPS |
| 260 |
_a[S.N] : _bA. A. GODDIS AND SONS PUBLISHERS ، _c1994 |
||
| 650 | 0 | 4 | _aANCIENT EGYPT |
| 650 | 0 | 4 | _aHISTORY |
| 650 | 0 | 4 | _aARCHAEOLOGY |
| 650 | 0 | 4 | _aEGYPTOLOGY |
| 650 | 0 | 4 | _aPYRAMIDS |
| 942 |
_2ddc _cBK |
||
| 999 |
_c13284 _d13284 |
||